000 01116nam a2200337 i 4500
003 EG-GICUC
005 20260208143343.0
008 260208s1993 fr ||fr|||| 000 0 fre d
020 _a2907512243
040 _aEG-GiCUC
_bfre
_cEG-GiCUC
_dEG-GiCUC
_eRda
041 0 _afre
082 0 4 _221
_a341.81
_bBO . M
092 0 4 _221
099 _aLaw1 12 341.81 BO . M 1993
100 1 _aBourdelois, Béatrice
_eAuteur
245 1 4 _aMariage polygamique et droit positif français /
_cBéatrice Bourdelois; Préface de Pierre Bourel.
264 1 _aParis :
_bGLN Joly,
_c1993.
300 _a398 page,
_c24 cm.
336 _2rda contenu
_a texte
337 _2rda medias
_aOrdinateur
338 _2 transporteur rda
_a Ressource en ligne
504 _aComprend des références bibliographiques et un index.
504 _aBibliographie : pages 359-390
546 _aTexte en français
650 1 4 _aDroit international privé
_2
651 1 _2
700 1 _aBourel, Pierre
_ePréfacier
856 4 0 _uhttps://fll.law.cu.edu.eg/fulltext/bks/B12-02425.pdf
905 _a48
942 _2ddc
_cBK
_e21
_n0
999 _c61660
_d61660